Southville International School and Colleges
Your cart is empty.
  • Cart
  • Lists
    Public lists Eva Luna New books Lux_list list_1
    Your lists Log in to create your own lists
  • Log in to your account
  • Your cookies
  • Search history
Southville International School and Colleges
  • Advanced search
  • Recent comments
  • Most popular
  • Libraries

Log in to your account

Log in with GOOGLE


If you do not have an external account, but do have a local account, you can still log in:

  1. Home
  2. MARC view: To the cloud :
Normal view MARC view ISBD view

To the cloud : (Record no. 283629)

[ view plain ]
MARC details
000 -LEADER
fixed length control field 01371cam a2200385 a 4500
001 - CONTROL NUMBER
control field 17254388
003 - CONTROL NUMBER IDENTIFIER
control field PILC
005 - DATE AND TIME OF LATEST TRANSACTION
control field 20150227084706.0
008 - FIXED-LENGTH DATA ELEMENTS--GENERAL INFORMATION
fixed length control field 120413s2012 nyua b 001 0 eng
010 ## - LIBRARY OF CONGRESS CONTROL NUMBER
LC control number 2011277377
020 ## - INTERNATIONAL STANDARD BOOK NUMBER
International Standard Book Number 9780071792219
020 ## - INTERNATIONAL STANDARD BOOK NUMBER
International Standard Book Number 007179221X
040 ## - CATALOGING SOURCE
Original cataloging agency DLC
Transcribing agency DLC
Modifying agency DLC
042 ## - AUTHENTICATION CODE
Authentication code pcc
050 00 - LIBRARY OF CONGRESS CALL NUMBER
Classification number QA 76.585
Item number .Ar97 2012
082 00 - DEWEY DECIMAL CLASSIFICATION NUMBER
Classification number 004.6782
100 1# - MAIN ENTRY--PERSONAL NAME
Personal name Arora, Pankaj.
245 10 - TITLE STATEMENT
Title To the cloud :
Remainder of title cloud powering an enterprise /
Statement of responsibility, etc Pankaj Arora, Raj Biyani, Salil Dave.
246 30 - VARYING FORM OF TITLE
Title proper/short title Cloud powering an enterprise
260 ## - PUBLICATION, DISTRIBUTION, ETC. (IMPRINT)
Place of publication, distribution, etc New York :
Name of publisher, distributor, etc McGraw Hill,
Date of publication, distribution, etc c2012.
300 ## - PHYSICAL DESCRIPTION
Extent xx, 119 pages :
Other physical details illustrations ;
Dimensions 24 cm.
504 ## - BIBLIOGRAPHY, ETC. NOTE
Bibliography, etc Includes bibliographical references and index.
521 ## - TARGET AUDIENCE NOTE
Target audience note Business Administration
650 #0 - SUBJECT ADDED ENTRY--TOPICAL TERM
Topical term or geographic name as entry element Cloud computing.
650 #0 - SUBJECT ADDED ENTRY--TOPICAL TERM
Topical term or geographic name as entry element Information technology
General subdivision Management.
650 #0 - SUBJECT ADDED ENTRY--TOPICAL TERM
Topical term or geographic name as entry element Web services.
650 #0 - SUBJECT ADDED ENTRY--TOPICAL TERM
Topical term or geographic name as entry element Business enterprises
General subdivision Data processing.
700 1# - ADDED ENTRY--PERSONAL NAME
Personal name Biyani, Raj.
700 1# - ADDED ENTRY--PERSONAL NAME
Personal name Dave, Salil.
856 42 - ELECTRONIC LOCATION AND ACCESS
Materials specified Contributor biographical information
Uniform Resource Identifier <a href="http://www.loc.gov/catdir/enhancements/fy1210/2011277377-b.html">http://www.loc.gov/catdir/enhancements/fy1210/2011277377-b.html</a>
856 42 - ELECTRONIC LOCATION AND ACCESS
Materials specified Publisher description
Uniform Resource Identifier <a href="http://www.loc.gov/catdir/enhancements/fy1210/2011277377-d.html">http://www.loc.gov/catdir/enhancements/fy1210/2011277377-d.html</a>
906 ## - LOCAL DATA ELEMENT F, LDF (RLIN)
a 7
b cbc
c origres
d 2
e ncip
f 20
g y-gencatlg
942 ## - ADDED ENTRY ELEMENTS (KOHA)
Source of classification or shelving scheme Library of Congress Classification
Koha item type Books

No items available.

To the cloud :

APA

Arora P., Biyani R. & Dave S. (2012). To the cloud. New York: McGraw Hill.

Chicago

Arora Pankaj, Biyani Raj and Dave Salil. 2012. To the cloud. New York: McGraw Hill.

Harvard

Arora P., Biyani R. and Dave S. (2012). To the cloud. New York: McGraw Hill.

MLA

Arora Pankaj, Biyani Raj and Dave Salil. To the cloud. New York: McGraw Hill. 2012.

  • Print
  • Cite
  • Add to your cart (remove)
  • Save record
    BIBTEX Dublin Core MARCXML MARC (non-Unicode/MARC-8) MARC (Unicode/UTF-8) MARC (Unicode/UTF-8, Standard) MODS (XML) RIS
  • More searches
    Search for this title in:
    Other Libraries (WorldCat) Other Databases (Google Scholar) Online Stores (Bookfinder.com) Open Library (openlibrary.org)

Exporting to Dublin Core...

SOUTHVILLE LIBRARY

Southville International School and Colleges Library

1281 Tropical Ave. Cor. Luxembourg St., BF Homes International, Las Pinas City

Tel. No. 8256374 / 252358 Loc. 117/146

Powered by Koha